The Training of Candidate Attorneys in South Africa : (Record no. 1039)

MARC details
000 -LEADER
fixed length control field 00568nam a22001577a 4500
005 - DATE AND TIME OF INPUT
control field 20231129083931.0
008 - DATA ELEMENTS--GENERAL INFORMATION
fixed length control field 231129b |||||||| |||| 00| 0 eng d
041 ## - LANGUAGE CODE
Language code of text English
082 ## - SHELF NUMBER
DDC number 340.07 VAN
100 ## - MAIN AUTHOR
Main author's name Van der Walt, JC and Wilson, KA
Language of a work English
245 ## - TITLE STATEMENT
Title The Training of Candidate Attorneys in South Africa :
Sub-title A Report to the Association of Law Societies of South Africa /
Statement of responsibility, etc. JC Van der Walt and KA Wilson
260 ## - PUBLICATION, DISTRIBUTION, ETC.
Date of publication, distribution, etc. 1983
300 ## - PHYSICAL DESCRIPTION
Other physical details vii, 237 pages ;
Dimensions 22 cm.
650 ## - SUBJECT`
Broad subject Legal practice
Own subject terms Law
942 ## - ADDED ENTRY ELEMENTS (KOHA)
Item type Books
942 ## - ADDED ENTRY ELEMENTS (KOHA)
-- ALISON_BN_VRIES
Holdings
Source of classification or shelving scheme Not for loan Collection code Home library Current library Shelving location Date acquired Full call number Barcode Price effective from Koha item type
Dewey Decimal Classification   TEXT BOOKS LAW SOCIETY OF NAMIBIA LIBRARY - WINDHOEK LAW SOCIETY OF NAMIBIA LIBRARY - WINDHOEK General Shelf 11/29/2023 340.07 VAN LSN/1987/292 11/29/2023 Books